[Event "Prague op"]
[Site "Prague"]
[Date "2024.02.29"]
[Round "2"]
[White "Kratochvil, Vit"]
[Black "Quintiliano Pinto, Renato Rodrigues"]
[Result "0-1"]
[WhiteElo "2182"]
[BlackElo "2493"]
[PlyCount "76"]
[EventDate "2024.02.28"]
[EventType "swiss"]
[EventRounds "9"]
[EventCountry "CZE"]
[SourceTitle "CB11_2024"]
[SourceDate "2024.03.13"]
[SourceVersion "1"]
[SourceVersionDate "2024.03.13"]
[SourceQuality "1"]

1. e4 c5 2. Nf3 d6 3. d4 cxd4 4. Nxd4 Nf6 5. f3 e5 6. Nb3 d5 7. exd5 Nxd5 8. Bb5+ Nc6 9. Qe2 Bd6 10. c4 Nde7 11. c5 Bc7 12. Nc3 0-0 13. Bg5 Be6 14. Rd1 Qc8 15. Bc4 Nf5 16. Nb5 Bb8 17. g4 a6 18. gxf5 Bxc4 19. Qxc4 axb5 20. Qg4 Ra4 21. f4 exf4 22. Bf6 Re8+ 23. Kf1 g6 24. Rg1 Be5 25. Qg5 Bxf6 26. Qxf6 f3 27. Rg3 Rf4 28. Rd5 f2 29. Nd2 Re1+ 30. Kg2 Rg1+ 31. Kh3 f1Q+ 32. Nxf1 Rgxf1 33. Rgd3 R1f3+ 34. Rxf3 Rxf3+ 35. Kg4 Rxf5 36. Rxf5 Qxf5+ 37. Qxf5 gxf5+ 38. Kxf5 Kg7 0-1

[Event "Prague Summer op-A 10th"]
[Site "Prague"]
[Date "2023.08.06"]
[Round "3"]
[White "Kratochvil, Vit"]
[Black "Pulpan, Jakub"]
[Result "1/2-1/2"]
[WhiteElo "2181"]
[BlackElo "2417"]
[PlyCount "47"]
[EventDate "2023.08.04"]
[EventType "swiss"]
[EventRounds "9"]
[EventCountry "CZE"]
[SourceTitle "CBM 215 Extra"]
[Source "ChessBase"]
[SourceDate "2023.09.30"]
[SourceVersion "1"]
[SourceVersionDate "2023.09.30"]
[SourceQuality "1"]

1. e4 e5 2. Nf3 Nc6 3. Bc4 Nf6 4. d3 Bc5 5. 0-0 a6 6. c3 Ba7 7. Be3 Bxe3 8. fxe3 d6 9. Bb3 0-0 10. Nbd2 Be6 11. Bc2 h6 12. Qe1 d5 13. exd5 Bxd5 14. Nh4 Ng4 15. e4 Be6 16. Rf3 b5 17. Bb3 b4 18. Qg3 Bxb3 19. axb3 Qg5 20. Nc4 Nf6 21. Qf2 Ng4 22. Qg3 Nf6 23. Qf2 Ng4 24. Qg3 1/2-1/2

[Event "Pobeskydy Talents op 42nd"]
[Site "Frydek Mistek"]
[Date "2023.04.07"]
[Round "3"]
[White "Kratochvil, Vit"]
[Black "Durovka, Marek"]
[Result "1-0"]
[WhiteElo "2236"]
[BlackElo "1735"]
[PlyCount "57"]
[EventDate "2023.04.06"]
[EventType "swiss"]
[EventRounds "9"]
[EventCountry "CZE"]
[SourceTitle "EXT 2024"]
[Source "ChessBase"]
[SourceDate "2023.10.10"]
[SourceVersion "1"]
[SourceVersionDate "2023.10.10"]
[SourceQuality "1"]

1. e4 c5 2. Nf3 Nc6 3. Nc3 g6 4. d4 cxd4 5. Nxd4 Bg7 6. Be3 Nf6 7. Bc4 0-0 8. Bb3 d6 9. f3 Bd7 10. Qd2 Rc8 11. 0-0-0 Ne5 12. Kb1 Nc4 13. Bxc4 Rxc4 14. g4 b5 15. h4 b4 16. Nd5 Nxd5 17. exd5 Qa8 18. b3 Rc7 19. Bh6 Rc5 20. h5 f6 21. hxg6 hxg6 22. Bxg7 Kxg7 23. Rde1 g5 24. Rxe7+ Rf7 25. Rxd7 Rxd7 26. Ne6+ Kg8 27. Qh2 Qxd5 28. Qh8+ Kf7 29. Rh7+ 1-0

[Event "CZE-chT2E 2223"]
[Site "Czech Republic"]
[Date "2023.03.05"]
[Round "10.1"]
[White "Ruzicka, Josef"]
[Black "Kratochvil, Vit"]
[Result "0-1"]
[WhiteElo "2142"]
[BlackElo "2261"]
[PlyCount "174"]
[EventDate "2022.10.16"]
[EventType "team-tourn"]
[EventRounds "11"]
[EventCountry "CZE"]
[SourceTitle "EXT 2024"]
[Source "ChessBase"]
[SourceDate "2023.10.10"]
[SourceVersion "1"]
[SourceVersionDate "2023.10.10"]
[SourceQuality "1"]
[WhiteTeam "Znojmo"]
[BlackTeam "Namest nad Oslavou"]
[WhiteTeamCountry "CZE"]
[BlackTeamCountry "CZE"]

1. e4 c5 2. Nc3 a6 3. Nf3 b5 4. d4 cxd4 5. Nxd4 Bb7 6. a3 e6 7. Bd3 d6 8. 0-0 Nf6 9. Qe2 Nbd7 10. f4 Qc7 11. Nb3 Be7 12. Bd2 h5 13. Rae1 Ng4 14. Rf3 Nc5 15. Kh1 Nxb3 16. cxb3 Bf6 17. Nd1 d5 18. e5 Bh4 19. Ref1 g6 20. Rh3 Be7 21. Ne3 Nxe3 22. Bxe3 d4 23. Bxd4 Rd8 24. Bg1 Qc6 25. Bb1 h4 26. Re1 Kf8 27. Rc3 Qd5 28. Rd3 Qc6 29. Rxd8+ Bxd8 30. h3 Kg7 31. Be4 Qxe4 32. Qxe4 Bxe4 33. Rxe4 Be7 34. Rd4 Rc8 35. Rd7 Kf8 36. Ra7 Rc1 37. Ra8+ Kg7 38. Kh2 g5 39. Re8 Rc7 40. Be3 gxf4 41. Bxf4 Kg6 42. Bd2 Kf5 43. Bc3 Rd7 44. Kg1 Ke4 45. Kf2 Kd3 46. b4 Bd8 47. g3 Ke4 48. Rg8 hxg3+ 49. Kxg3 Kf5 50. Rg7 Bg5 51. Kg2 Bf4 52. Rh7 Bd2 53. Rh5+ Kg6 54. Rh4 Bxc3 55. bxc3 Rd3 56. c4 bxc4 57. Rxc4 Rxa3 58. Rc6 Rb3 59. Rxa6 Rxb4 60. Ra5 Rb3 61. Rc5 Re3 62. Ra5 Rd3 63. Ra4 Rd5 64. Rg4+ Kf5 65. Rg7 Rd7 66. h4 Kxe5 67. h5 Kf6 68. Rh7 Kg5 69. Kf3 e5 70. Ke3 Kf6 71. Rh8 Rd4 72. Rh7 Rf4 73. Rh8 Kg7 74. Re8 Rf5 75. Ke4 Rxh5 76. Rxe5 Rxe5+ 77. Kxe5 Kg6 78. Kf4 Kf6 79. Ke4 Kg5 80. Kf3 Kf5 81. Ke3 Kg4 82. Kf2 Kf4 83. Ke2 Kg3 84. Kf1 f5 85. Kg1 f4 86. Kf1 Kf3 87. Kg1 Ke2 0-1

[Event "CZE-chT2E 2223"]
[Site "Czech Republic"]
[Date "2023.02.05"]
[Round "8.1"]
[White "Zdrazil, Tomas"]
[Black "Kratochvil, Vit"]
[Result "1-0"]
[WhiteElo "2106"]
[BlackElo "2261"]
[PlyCount "53"]
[EventDate "2022.10.16"]
[EventType "team-tourn"]
[EventRounds "11"]
[EventCountry "CZE"]
[SourceTitle "EXT 2024"]
[Source "ChessBase"]
[SourceDate "2023.10.10"]
[SourceVersion "1"]
[SourceVersionDate "2023.10.10"]
[SourceQuality "1"]
[WhiteTeam "Olomouc"]
[BlackTeam "Namest nad Oslavou"]
[WhiteTeamCountry "CZE"]
[BlackTeamCountry "CZE"]

1. e4 c5 2. Nf3 g6 3. d4 cxd4 4. Nxd4 Nc6 5. Nc3 Bg7 6. Be3 Nf6 7. Bc4 0-0 8. Bb3 d6 9. f3 Bd7 10. Qd2 Na5 11. 0-0-0 Nxb3+ 12. cxb3 Qb8 13. h4 Rc8 14. Kb1 b5 15. h5 b4 16. Nd5 Nxd5 17. exd5 Qb7 18. hxg6 hxg6 19. g4 Qxd5 20. Qh2 f6 21. Qh7+ Kf7 22. Rh6 Rg8 23. Rxg6 e5 24. Bh6 exd4 25. Rxg7+ Rxg7 26. Qxg7+ Ke8 27. Qf8# 1-0

[Event "CZE-chT2E 2223"]
[Site "Czech Republic"]
[Date "2022.12.04"]
[Round "4.1"]
[White "Gajdos, Daniel"]
[Black "Kratochvil, Vit"]
[Result "1/2-1/2"]
[WhiteElo "2056"]
[BlackElo "2261"]
[PlyCount "81"]
[EventDate "2022.10.16"]
[EventType "team-tourn"]
[EventRounds "11"]
[EventCountry "CZE"]
[SourceTitle "EXT 2024"]
[Source "ChessBase"]
[SourceDate "2023.10.10"]
[SourceVersion "1"]
[SourceVersionDate "2023.10.10"]
[SourceQuality "1"]
[WhiteTeam "Brno VSK Univ"]
[BlackTeam "Namest nad Oslavou"]
[WhiteTeamCountry "CZE"]
[BlackTeamCountry "CZE"]

1. Nf3 c5 2. g3 g6 3. Bg2 Bg7 4. c4 Nc6 5. Nc3 d6 6. d3 e5 7. Nd2 Nge7 8. Nf1 Rb8 9. Ne3 a6 10. Ned5 h6 11. a4 Be6 12. 0-0 0-0 13. Rb1 Nb4 14. Nxb4 cxb4 15. Nd5 Nxd5 16. cxd5 Bd7 17. Be3 Qa5 18. b3 b5 19. axb5 Qxb5 20. Qd2 Kh7 21. Rfc1 f5 22. Rc4 Rb7 23. Rbc1 a5 24. Qc2 Ra8 25. Bd2 Qa6 26. e4 Bb5 27. Rc6 Bxc6 28. dxc6 Rc7 29. exf5 gxf5 30. d4 e4 31. Bf4 Bxd4 32. Bxd6 Rf7 33. Bxe4 Re8 34. Bxf5+ Kh8 35. c7 Qxd6 36. c8Q Rxc8 37. Qxc8+ Kg7 38. Rc6 Bxf2+ 39. Kxf2 Rxf5+ 40. Qxf5 Qxc6 41. Qg4+ 1/2-1/2

[Event "CZE-chT1W 2223"]
[Site "Czech Republic"]
[Date "2022.10.30"]
[Round "2.3"]
[White "Kratochvil, Vit"]
[Black "Velicka, Petr"]
[Result "1/2-1/2"]
[WhiteElo "2261"]
[BlackElo "2366"]
[PlyCount "33"]
[EventDate "2022.10.09"]
[EventType "team-tourn"]
[EventRounds "11"]
[EventCountry "CZE"]
[SourceTitle "CBM 213 Extra"]
[Source "ChessBase"]
[SourceDate "2023.05.31"]
[SourceVersion "1"]
[SourceVersionDate "2023.05.31"]
[SourceQuality "1"]
[WhiteTeam "Gordic"]
[BlackTeam "Neratovice"]
[WhiteTeamCountry "CZE"]
[BlackTeamCountry "CZE"]

1. e4 e5 2. Nf3 Nc6 3. Bc4 Bc5 4. 0-0 Nf6 5. d3 0-0 6. a3 a6 7. Nc3 h6 8. Be3 d6 9. h3 Bxe3 10. fxe3 Be6 11. Bxe6 fxe6 12. Qe1 Qe8 13. Qg3 Nh5 14. Qg4 Nf6 15. Qg3 Nh5 16. Qg4 Nf6 17. Qg3 1/2-1/2

[Event "Ceske Budejovice op-A"]
[Site "Ceske Budejovice"]
[Date "2022.07.05"]
[Round "5"]
[White "Slaby, Matej"]
[Black "Kratochvil, Vit"]
[Result "0-1"]
[WhiteElo "1796"]
[BlackElo "2237"]
[PlyCount "154"]
[EventDate "2022.07.01"]
[EventType "swiss"]
[EventRounds "9"]
[EventCountry "CZE"]
[SourceTitle "CBM 209 Extra"]
[Source "ChessBase"]
[SourceDate "2022.09.30"]
[SourceVersion "1"]
[SourceVersionDate "2022.09.30"]
[SourceQuality "1"]

1. Nf3 c5 2. c3 Nf6 3. d4 b6 4. e3 g6 5. Nbd2 Bg7 6. Bd3 0-0 7. 0-0 Ba6 8. Bxa6 Nxa6 9. Qe2 Qc8 10. a4 Qb7 11. h3 Rfc8 12. Re1 Nc7 13. Ne5 Ne6 14. Qf3 Rab8 15. Qxb7 Rxb7 16. Ndf3 Rbc7 17. Nd2 Nd5 18. Nef3 cxd4 19. exd4 Nef4 20. Nb3 Nd3 21. Rd1 Nxc1 22. Nxc1 d6 23. Nd3 Bh6 24. Re1 a6 25. Kf1 Rb7 26. Ra3 Rc4 27. Rea1 f6 28. Re1 Kf7 29. g3 b5 30. axb5 axb5 31. Rea1 Rc6 32. Nfe1 Bf8 33. Nc2 e5 34. Rb3 Rc8 35. Ra5 Nc7 36. Na3 Rcb8 37. Nb4 d5 38. Nc6 Rc8 39. dxe5 Bxa3 40. Rbxa3 Rb6 41. Na7 Rcb8 42. exf6 Kxf6 43. Rb3 Ke6 44. Rb4 Kd6 45. Rh4 h5 46. Rf4 Ke6 47. Kg2 Ra8 48. g4 hxg4 49. hxg4 Rab8 50. g5 Ke7 51. Ra1 Ra8 52. Rb4 Kd7 53. Ra5 Rb7 54. Rbxb5 Rbxa7 55. Rxa7 Rxa7 56. Rb6 Ne6 57. Kg3 Ra4 58. b3 Re4 59. f3 Re5 60. Rb4 Nxg5 61. Rb7+ Ke8 62. Rg7 Re6 63. b4 Nf7 64. Rg8+ Kd7 65. Ra8 Rc6 66. Ra7+ Ke6 67. Ra3 Nd6 68. Kf4 Nb5 69. Ra5 Nxc3 70. b5 Rb6 71. Ra6 Rxa6 72. bxa6 Nb5 73. Kg5 d4 74. Kxg6 d3 75. f4 d2 76. f5+ Kd7 77. f6 d1Q 0-1

[Event "Ceske Budejovice op-A"]
[Site "Ceske Budejovice"]
[Date "2022.07.03"]
[Round "3"]
[White "Velicka, Petr"]
[Black "Kratochvil, Vit"]
[Result "1/2-1/2"]
[WhiteElo "2384"]
[BlackElo "2237"]
[PlyCount "96"]
[EventDate "2022.07.01"]
[EventType "swiss"]
[EventRounds "9"]
[EventCountry "CZE"]
[SourceTitle "CBM 209 Extra"]
[Source "ChessBase"]
[SourceDate "2022.09.30"]
[SourceVersion "1"]
[SourceVersionDate "2022.09.30"]
[SourceQuality "1"]

1. e4 c5 2. Nf3 e6 3. d4 cxd4 4. Nxd4 a6 5. Bd3 Ne7 6. 0-0 Nbc6 7. Nxc6 Nxc6 8. c4 Bc5 9. Nd2 d6 10. Nf3 e5 11. h3 Qf6 12. Be3 g5 13. Nh2 h5 14. Qf3 Qxf3 15. Nxf3 g4 16. hxg4 hxg4 17. Ne1 Bxe3 18. fxe3 g3 19. Rf3 Rg8 20. Rf6 Be6 21. Nc2 Rc8 22. b3 Nb8 23. Rh6 Nd7 24. Rh4 Nc5 25. Be2 a5 26. Na3 Ke7 27. Rb1 Rh8 28. Rxh8 Rxh8 29. Bf3 Nd3 30. Kf1 Nb4 31. Ke2 Rh2 32. Kd2 Bh3 33. Rg1 Nxa2 34. Nc2 Nb4 35. Nxb4 axb4 36. Kd3 Bd7 37. Ra1 Rh8 38. Ra7 Rb8 39. Ra1 Be6 40. Kd2 b5 41. Be2 bxc4 42. Bxc4 Bxc4 43. bxc4 Ke6 44. Ra5 b3 45. Rb5 Ra8 46. Ke2 Ra4 47. Rxb3 Rxc4 48. Kf3 Rc1 1/2-1/2

[Event "Ceske Budejovice op-A"]
[Site "Ceske Budejovice"]
[Date "2022.07.01"]
[Round "1"]
[White "Kratochvil, Vit"]
[Black "Simunek, Jakub Simon"]
[Result "1-0"]
[WhiteElo "2237"]
[BlackElo "1887"]
[PlyCount "77"]
[EventDate "2022.07.01"]
[EventType "swiss"]
[EventRounds "9"]
[EventCountry "CZE"]
[SourceTitle "CBM 209 Extra"]
[Source "ChessBase"]
[SourceDate "2022.09.30"]
[SourceVersion "1"]
[SourceVersionDate "2022.09.30"]
[SourceQuality "1"]

1. e4 e6 2. d3 d5 3. Nd2 c5 4. Ngf3 Nc6 5. g3 Nf6 6. Bg2 Be7 7. 0-0 0-0 8. e5 Nd7 9. Re1 Qc7 10. Qe2 b5 11. h4 a5 12. Nf1 Nd4 13. Nxd4 cxd4 14. Bf4 Bb7 15. Qg4 Rfc8 16. Re2 Bf8 17. Nh2 Qb6 18. Nf3 Rc7 19. Bg5 Rac8 20. Rc1 b4 21. Qxd4 Bc5 22. Qg4 Ba6 23. Rd2 Bxd3 24. Rxd3 Bxf2+ 25. Kh2 Rc4 26. Qh3 h6 27. Bf4 Rxf4 28. gxf4 Nc5 29. Ne1 Nxd3 30. Nxd3 Be3 31. Re1 Bd2 32. Re2 Rxc2 33. f5 Qd4 34. Qg3 exf5 35. e6 fxe6 36. Rxe6 Rc4 37. Re2 f4 38. Qf3 Kh8 39. Rxd2 1-0

[Event "Pobeskydy op 41st"]
[Site "Frydek Mistek"]
[Date "2022.04.14"]
[Round "2"]
[White "Karas, Marek"]
[Black "Kratochvil, Vit"]
[Result "1/2-1/2"]
[WhiteElo "2301"]
[BlackElo "2229"]
[PlyCount "83"]
[EventDate "2022.04.14"]
[EventType "swiss"]
[EventRounds "9"]
[EventCountry "CZE"]
[SourceTitle "CBM 207 Extra"]
[Source "ChessBase"]
[SourceDate "2022.05.31"]
[SourceVersion "1"]
[SourceVersionDate "2022.05.31"]
[SourceQuality "1"]

1. e4 c5 2. Nf3 g6 3. c3 d5 4. e5 Nc6 5. d4 Bg7 6. Bb5 Qb6 7. Bxc6+ bxc6 8. 0-0 Bg4 9. Nbd2 cxd4 10. cxd4 f6 11. h3 Bf5 12. Qa4 Nh6 13. exf6 exf6 14. Re1+ Kf7 15. b3 Rhe8 16. Ba3 a5 17. Rxe8 Rxe8 18. Rc1 Bd7 19. Rc5 Nf5 20. Rxa5 Bh6 21. Bc5 Qb8 22. Ra7 Ke6 23. g4 Nd6 24. b4 Nb5 25. Ra6 Kf7 26. Rb6 Qa8 27. Qc2 Bf4 28. a4 Nd6 29. b5 Ne4 30. Ra6 Qc8 31. Nxe4 Rxe4 32. Ra7 Bb8 33. bxc6 Bxa7 34. cxd7 Qxd7 35. Bxa7 Qxa7 36. Qc6 Qa5 37. g5 Re6 38. Qc8 Qa6 39. Qh8 Qd3 40. Qxh7+ Kf8 41. gxf6 Qxf3 42. Qg7+ 1/2-1/2

[Event "CZE-chT1E 2122"]
[Site "Czech Republic"]
[Date "2022.03.27"]
[Round "11.3"]
[White "Vylicil, Adam"]
[Black "Kratochvil, Vit"]
[Result "1-0"]
[WhiteElo "1934"]
[BlackElo "2229"]
[PlyCount "71"]
[EventDate "2021.10.09"]
[EventType "team-tourn"]
[EventRounds "11"]
[EventCountry "CZE"]
[SourceTitle "EXT 2023"]
[Source "ChessBase"]
[SourceDate "2022.10.05"]
[SourceVersion "1"]
[SourceVersionDate "2022.10.05"]
[SourceQuality "1"]
[WhiteTeam "Stare Mesto"]
[BlackTeam "Gordic"]
[WhiteTeamCountry "CZE"]
[BlackTeamCountry "CZE"]

1. Nf3 c5 2. b3 b6 3. Bb2 Bb7 4. e3 Nf6 5. c4 g6 6. Be2 Bg7 7. Qc2 Nc6 8. d3 0-0 9. Nbd2 d5 10. a3 Qd6 11. 0-0 d4 12. exd4 Nxd4 13. Nxd4 cxd4 14. Bf3 Bxf3 15. Nxf3 e5 16. Rfe1 Rfe8 17. a4 a5 18. Ba3 Qc7 19. b4 axb4 20. Bxb4 Nd5 21. Bd2 e4 22. Rac1 exf3 23. cxd5 Rxe1+ 24. Bxe1 Qxc2 25. Rxc2 Rxa4 26. Rc8+ Bf8 27. d6 Ra1 28. Re8 Ra7 29. d7 Rxd7 30. Bb4 Kg7 31. Bxf8+ Kf6 32. Rb8 fxg2 33. Rxb6+ Kf5 34. Rd6 Rc7 35. Rxd4 g5 36. Kxg2 1-0

[Event "CZE-chT1E 2122"]
[Site "Czech Republic"]
[Date "2022.03.26"]
[Round "10.3"]
[White "Kratochvil, Vit"]
[Black "Kapusta, Petr"]
[Result "1-0"]
[WhiteElo "2229"]
[BlackElo "2115"]
[PlyCount "65"]
[EventDate "2021.10.09"]
[EventType "team-tourn"]
[EventRounds "11"]
[EventCountry "CZE"]
[SourceTitle "EXT 2023"]
[Source "ChessBase"]
[SourceDate "2022.10.05"]
[SourceVersion "1"]
[SourceVersionDate "2022.10.05"]
[SourceQuality "1"]
[WhiteTeam "Gordic"]
[BlackTeam "Vlcnov"]
[WhiteTeamCountry "CZE"]
[BlackTeamCountry "CZE"]

1. e4 c5 2. Nc3 Nc6 3. Nf3 d6 4. d4 cxd4 5. Nxd4 Nf6 6. Bc4 e6 7. Bb3 Be7 8. Be3 0-0 9. Qe2 a6 10. 0-0-0 Qc7 11. g4 Nxd4 12. Rxd4 e5 13. Rc4 Qd8 14. g5 Ng4 15. Rxc8 Qxc8 16. Nd5 Bd8 17. Bd2 a5 18. a3 a4 19. Ba2 Kh8 20. h3 Nxf2 21. Qxf2 f5 22. gxf6 Bxf6 23. Nb6 Bg5 24. Qg2 Bxd2+ 25. Qxd2 Qc6 26. Nxa8 Qxe4 27. Bd5 Qh4 28. Nb6 Rf2 29. Qc3 Qf4+ 30. Kb1 Rf1+ 31. Rxf1 Qxf1+ 32. Ka2 g6 33. Qc7 1-0

[Event "CZE-chT1E 2122"]
[Site "Czech Republic"]
[Date "2022.01.23"]
[Round "7.5"]
[White "Walica, Roman"]
[Black "Kratochvil, Vit"]
[Result "1/2-1/2"]
[WhiteElo "2087"]
[BlackElo "2229"]
[PlyCount "89"]
[EventDate "2021.10.09"]
[EventType "team-tourn"]
[EventRounds "11"]
[EventCountry "CZE"]
[SourceTitle "EXT 2023"]
[Source "ChessBase"]
[SourceDate "2022.10.05"]
[SourceVersion "1"]
[SourceVersionDate "2022.10.05"]
[SourceQuality "1"]
[WhiteTeam "Orlova Slavia"]
[BlackTeam "Gordic"]
[WhiteTeamCountry "CZE"]
[BlackTeamCountry "CZE"]

1. e4 Nf6 2. e5 Nd5 3. d4 d6 4. c4 Nb6 5. exd6 cxd6 6. Nc3 g6 7. Be3 Bg7 8. h4 h5 9. Qd2 Nc6 10. Rc1 0-0 11. Be2 Bf5 12. Nf3 Bg4 13. b3 d5 14. c5 Nc8 15. Bh6 Bxf3 16. Bxg7 Kxg7 17. Bxf3 e6 18. Qf4 Qf6 19. Qxf6+ Kxf6 20. Ne2 N8e7 21. Kd2 Nf5 22. Kc3 a5 23. g3 Rfe8 24. Rhd1 b5 25. Rd2 b4+ 26. Kb2 a4 27. Rcd1 axb3 28. axb3 Ra5 29. Ra1 Rea8 30. Rxa5 Rxa5 31. Rd1 Na7 32. Bg2 Nb5 33. Rd2 Ne7 34. Bf1 Nc6 35. Bg2 Ra3 36. Bf1 Ke7 37. Rd3 Na5 38. Nc1 Nc6 39. Ne2 Kf6 40. Rf3+ Ke7 41. Rd3 Ra5 42. Bg2 Nc7 43. Nf4 Nb5 44. Ne2 Nc7 45. Nf4 1/2-1/2

[Event "CZE-chT1E 2122"]
[Site "Czech Republic"]
[Date "2021.12.12"]
[Round "5.4"]
[White "Vesely, Vitek"]
[Black "Kratochvil, Vit"]
[Result "1-0"]
[WhiteElo "2113"]
[BlackElo "2229"]
[PlyCount "93"]
[EventDate "2021.10.09"]
[EventType "team-tourn"]
[EventRounds "11"]
[EventCountry "CZE"]
[SourceTitle "EXT 2023"]
[Source "ChessBase"]
[SourceDate "2022.10.05"]
[SourceVersion "1"]
[SourceVersionDate "2022.10.05"]
[SourceQuality "1"]
[WhiteTeam "Chotebor"]
[BlackTeam "Gordic"]
[WhiteTeamCountry "CZE"]
[BlackTeamCountry "CZE"]

1. d4 Nf6 2. Nf3 g6 3. Bf4 Bg7 4. e3 c5 5. c3 b6 6. Bd3 Bb7 7. h3 0-0 8. 0-0 d5 9. Nbd2 Nfd7 10. a4 Nc6 11. Be2 Re8 12. Qb3 Qc8 13. Rfd1 e6 14. Rac1 Ba6 15. Bb5 c4 16. Qa2 Bxb5 17. axb5 Na5 18. b3 cxb3 19. Nxb3 a6 20. bxa6 Rxa6 21. Nxa5 Rxa5 22. Qb2 Qc6 23. Nd2 Bf8 24. Rc2 b5 25. Rb1 Rc8 26. Nb3 Ra4 27. Nd2 Ra5 28. Nb3 Ra7 29. Nd2 Rb7 30. Nb3 Ra7 31. Nd2 Ra5 32. Nb3 Ra3 33. Nd2 b4 34. c4 e5 35. Bxe5 Nxe5 36. dxe5 b3 37. Nxb3 Rb8 38. cxd5 Qxd5 39. Rc3 Qxe5 40. Qc2 Bd6 41. g3 h5 42. h4 Kh7 43. Rd1 Rba8 44. Rcd3 Qe4 45. Nd4 Bc5 46. Rxa3 Qxc2 47. Nxc2 1-0

[Event "Ceske Budejovice op"]
[Site "Ceske Budejovice"]
[Date "2021.07.08"]
[Round "8"]
[White "Babula, Vlastimil1111"]
[Black "Kratochvil, Vit"]
[Result "0-1"]
[WhiteElo "2086"]
[BlackElo "2228"]
[PlyCount "72"]
[EventDate "2021.07.01"]
[EventType "swiss"]
[EventRounds "9"]
[EventCountry "CZE"]
[SourceTitle "CBM 203 Extra"]
[Source "ChessBase"]
[SourceDate "2021.09.30"]
[SourceVersion "1"]
[SourceVersionDate "2021.09.30"]
[SourceQuality "1"]

1. e4 c5 2. Nf3 Nc6 3. d4 cxd4 4. Nxd4 g6 5. Nc3 Bg7 6. Be3 Nf6 7. Bc4 0-0 8. Bb3 d6 9. f3 Bd7 10. Qd2 Na5 11. 0-0-0 Rb8 12. h4 b5 13. h5 Nc4 14. Bxc4 bxc4 15. Bh6 Qb6 16. b3 Bxh6 17. Qxh6 Qa5 18. Nd5 Nxd5 19. exd5 Qxa2 20. Kd2 Qa5+ 21. c3 Qa2+ 22. Ke3 g5 23. Qxg5+ Kh8 24. Rd2 Qa5 25. b4 Qa3 26. Ne2 a5 27. Kf2 Rbe8 28. bxa5 Qxa5 29. Qe3 Qb5 30. Qd4+ f6 31. Nf4 Rg8 32. Re2 Rg5 33. Rxe7 Rxe7 34. Qxf6+ Reg7 35. Qf8+ Rg8 36. Ng6+ R5xg6 0-1

[Event "Ceske Budejovice op"]
[Site "Ceske Budejovice"]
[Date "2021.07.01"]
[Round "1"]
[White "Kratochvil, Vit"]
[Black "Pribyl, Rene"]
[Result "1-0"]
[WhiteElo "2228"]
[BlackElo "1915"]
[PlyCount "51"]
[EventDate "2021.07.01"]
[EventType "swiss"]
[EventRounds "9"]
[EventCountry "CZE"]
[SourceTitle "CBM 203 Extra"]
[Source "ChessBase"]
[SourceDate "2021.09.30"]
[SourceVersion "1"]
[SourceVersionDate "2021.09.30"]
[SourceQuality "1"]

1. e4 e5 2. Nf3 Nf6 3. Nxe5 d6 4. Nc4 Nxe4 5. Nc3 Nf6 6. d4 d5 7. Ne5 c6 8. Bd3 Nbd7 9. 0-0 Be7 10. Re1 0-0 11. Qf3 Re8 12. Bg5 Nxe5 13. dxe5 Nd7 14. Bxe7 Qxe7 15. Qg3 Nc5 16. a3 a5 17. f4 b6 18. Rad1 Ba6 19. f5 Bxd3 20. cxd3 d4 21. f6 Qf8 22. Ne4 Ne6 23. fxg7 Nxg7 24. Nf6+ Kh8 25. Qh4 h5 26. Qe4 1-0

[Event "Pardubice Czech op-E 31st"]
[Site "Pardubice"]
[Date "2020.09.20"]
[Round "6.2"]
[White "Sykora, Marek1111"]
[Black "Kratochvil, Vit"]
[Result "1/2-1/2"]
[WhiteElo "2185"]
[BlackElo "2226"]
[PlyCount "84"]
[EventDate "2020.09.17"]
[EventType "team-swiss"]
[EventRounds "7"]
[EventCountry "CZE"]
[SourceTitle "CBM 198 Extra"]
[Source "ChessBase"]
[SourceDate "2020.11.30"]
[SourceVersion "1"]
[SourceVersionDate "2020.11.30"]
[SourceQuality "1"]
[WhiteTeam "Turnov Zikuda III"]
[BlackTeam "Walkuv Protigambit"]
[WhiteTeamCountry "CZE"]
[BlackTeamCountry "CZE"]

1. e4 c5 2. Nc3 a6 3. g3 b5 4. Bg2 Bb7 5. d3 e6 6. f4 Qc7 7. Nf3 d6 8. 0-0 Nd7 9. Be3 Ngf6 10. h3 Be7 11. Qd2 Nb6 12. Bf2 0-0 13. g4 Rac8 14. f5 exf5 15. exf5 d5 16. Ne2 Bd6 17. c3 Rfe8 18. Qc2 Re7 19. Rae1 Rce8 20. d4 Nc4 21. dxc5 Bxc5 22. Ned4 Ne3 23. Rxe3 Rxe3 24. Bxe3 Rxe3 25. Qf2 Re8 26. Nd2 Qe5 27. N2f3 Qc7 28. Nd2 Qe7 29. Kh1 h6 30. Qh4 Ne4 31. f6 Nxf6 32. Nf5 Qe6 33. Nxh6+ gxh6 34. Qxf6 Qxf6 35. Rxf6 Re1+ 36. Nf1 Kg7 37. Rf5 Bb6 38. b3 Rc1 39. c4 bxc4 40. bxc4 Rxc4 41. Bxd5 Bxd5+ 42. Rxd5 Rf4 1/2-1/2

[Event "Prague Summer op 7th"]
[Site "Prague"]
[Date "2020.08.09"]
[Round "3"]
[White "Vokac, Marek"]
[Black "Kratochvil, Vit"]
[Result "1-0"]
[WhiteElo "2362"]
[BlackElo "2205"]
[PlyCount "61"]
[EventDate "2020.08.08"]
[EventType "swiss"]
[EventRounds "9"]
[EventCountry "CZE"]
[SourceTitle "CBM 197 Extra"]
[Source "ChessBase"]
[SourceDate "2020.09.30"]
[SourceVersion "1"]
[SourceVersionDate "2020.09.30"]
[SourceQuality "1"]

1. Nf3 c5 2. b3 d6 3. c4 Nf6 4. Nc3 b6 5. g3 Bb7 6. Bg2 Nbd7 7. 0-0 e6 8. e3 a6 9. Qe2 Qc7 10. Bb2 Be7 11. Rfd1 0-0 12. Rac1 Rac8 13. d4 Rfe8 14. d5 exd5 15. Nxd5 Nxd5 16. cxd5 Qd8 17. Nd2 b5 18. a4 bxa4 19. bxa4 Rb8 20. Rb1 Nf6 21. Nc4 Ba8 22. e4 Rb4 23. a5 Rb5 24. Qc2 Nd7 25. Bc3 Qc7 26. f4 Bf6 27. Bxf6 Nxf6 28. e5 Rxb1 29. Qxb1 dxe5 30. fxe5 Nd7 31. Re1 1-0

[Event "CZE-chT2E 1920"]
[Site "Czech Republic"]
[Date "2020.02.23"]
[Round "9.3"]
[White "Kratochvil, Vit"]
[Black "Markovic, Ivan1111"]
[Result "1/2-1/2"]
[WhiteElo "2197"]
[BlackElo "2105"]
[PlyCount "83"]
[EventDate "2019.10.13"]
[EventType "team-tourn"]
[EventRounds "11"]
[EventCountry "CZE"]
[SourceTitle "EXT 2024"]
[Source "ChessBase"]
[SourceDate "2023.10.10"]
[SourceVersion "1"]
[SourceVersionDate "2023.10.10"]
[SourceQuality "1"]
[WhiteTeam "Lipovec Garde"]
[BlackTeam "Kurim"]
[WhiteTeamCountry "CZE"]
[BlackTeamCountry "CZE"]

1. e4 d6 2. d4 Nf6 3. Nc3 e5 4. Nf3 Nbd7 5. h3 Be7 6. g4 0-0 7. Be3 c6 8. g5 Nh5 9. Qd2 b5 10. 0-0-0 g6 11. Kb1 a5 12. Ne2 Qc7 13. Nh2 Nb6 14. Ng3 Nxg3 15. fxg3 Nc4 16. Bxc4 bxc4 17. Ng4 a4 18. dxe5 dxe5 19. Qc3 Bxg4 20. hxg4 a3 21. b3 cxb3 22. cxb3 Rfd8 23. Rd2 Rxd2 24. Qxd2 Qd6 25. Qxd6 Bxd6 26. Rd1 Bb4 27. Kc2 Kf8 28. Bb6 Ke7 29. Bc7 Ke6 30. Bb6 Be7 31. Be3 Bb4 32. Rh1 Rd8 33. Rxh7 Be1 34. Rh3 Bb4 35. Rh1 Be7 36. Kc3 Rb8 37. Rh2 Bb4+ 38. Kc2 Rd8 39. Rh1 Be7 40. Bb6 Rb8 41. Be3 Rd8 42. Rh2 1/2-1/2